[Event "Budapest FS08 FM-B"]
[Site "Budapest"]
[Date "2014.08.11"]
[Round "10"]
[White "Jarai, Csenge"]
[Black "Szlenka, Attila"]
[Result "0-1"]
[WhiteElo "1576"]
[BlackElo "1775"]
[PlyCount "92"]
[EventDate "2014.08.02"]
[EventType "tourn"]
[EventRounds "10"]
[EventCountry "HUN"]
[SourceTitle "CBM 161 Extra"]
[Source "ChessBase"]
[SourceDate "2014.08.29"]
[SourceVersion "1"]
[SourceVersionDate "2014.08.29"]
[SourceQuality "1"]

1. d4 f5 2. g4 e6 3. e4 fxe4 4. g5 d5 5. Nh3 g6 6. Rg1 Ne7 7. Nf4 Bg7 8. Nc3 Nf5 9. Be3 Nc6 10. Nce2 Bd7 11. c3 Nce7 12. Qd2 c6 13. 0-0-0 Qa5 14. Kb1 Nxe3 15. fxe3 0-0-0 16. h4 e5 17. dxe5 Bxe5 18. Nd4 Bxf4 19. exf4 Nf5 20. Bh3 Nxh4 21. Bxd7+ Rxd7 22. Qe2 Nf5 23. Ne6 Re8 24. b4 Qa3 25. Nc5 Qxc3 26. Nxd7 Qxb4+ 27. Kc1 Qc3+ 28. Kb1 Kxd7 29. Rge1 Re7 30. Qh2 e3 31. Re2 d4 32. Rc2 Qa5 33. Qe2 a6 34. Qg4 Kc7 35. Rh2 Rd7 36. Qe2 Qb5+ 37. Qxb5 axb5 38. Kc2 c5 39. Rdh1 d3+ 40. Kd1 e2+ 41. Kd2 c4 42. Rxh7 Nd4 43. Rxd7+ Kxd7 44. Rh7+ Ke6 45. Rh1 Nf3+ 46. Kc3 e1Q+ 0-1

[Event "Budapest FS08 FM-B"]
[Site "Budapest"]
[Date "2014.08.09"]
[Round "8"]
[White "Jarai, Csenge"]
[Black "Benyeda, Tibor"]
[Result "1-0"]
[WhiteElo "1576"]
[BlackElo "1648"]
[PlyCount "39"]
[EventDate "2014.08.02"]
[EventType "tourn"]
[EventRounds "10"]
[EventCountry "HUN"]
[SourceTitle "CBM 161 Extra"]
[Source "ChessBase"]
[SourceDate "2014.08.29"]
[SourceVersion "1"]
[SourceVersionDate "2014.08.29"]
[SourceQuality "1"]

1. e4 c5 2. Nf3 Nc6 3. d4 cxd4 4. Nxd4 e5 5. Nb5 d6 6. c4 Be7 7. N1c3 a6 8. Na3 Nf6 9. Be2 0-0 10. Be3 Bg4 11. Bxg4 Qa5 12. 0-0 Rab8 13. Be2 Qb4 14. Qd2 Rfc8 15. Nc2 Qa5 16. a3 Qc7 17. Rac1 Na5 18. Na1 Qd8 19. Nd5 Nxe4 20. Qc2 1-0

[Event "Budapest FS08 FM-B"]
[Site "Budapest"]
[Date "2014.08.07"]
[Round "6"]
[White "Jarai, Csenge"]
[Black "Gruz, Janos"]
[Result "1/2-1/2"]
[WhiteElo "1576"]
[BlackElo "1740"]
[PlyCount "51"]
[EventDate "2014.08.02"]
[EventType "tourn"]
[EventRounds "10"]
[EventCountry "HUN"]
[SourceTitle "CBM 161 Extra"]
[Source "ChessBase"]
[SourceDate "2014.08.29"]
[SourceVersion "1"]
[SourceVersionDate "2014.08.29"]
[SourceQuality "1"]

1. e4 d6 2. d4 Nf6 3. Bd3 Nc6 4. Ne2 Nb4 5. c4 Nxd3+ 6. Qxd3 g6 7. 0-0 Bg7 8. Nbc3 0-0 9. f3 c6 10. Be3 h6 11. Rac1 e5 12. d5 c5 13. Qd2 Kh7 14. Rb1 b6 15. h3 Bd7 16. a3 Ng8 17. b4 f5 18. exf5 gxf5 19. f4 e4 20. Qe1 Rc8 21. b5 Qf6 22. a4 Ra8 23. Qd2 Rfb8 24. Ra1 Qd8 25. Ra3 a5 26. Qe1 1/2-1/2

[Event "HUN-ch U16 Girls"]
[Site "Balatonlelle"]
[Date "2014.06.24"]
[Round "5"]
[White "Jarai, Csenge"]
[Black "Fekete, Agnes"]
[Result "0-1"]
[WhiteElo "1530"]
[BlackElo "1719"]
[PlyCount "68"]
[EventDate "2014.06.20"]
[EventType "tourn"]
[EventRounds "9"]
[EventCountry "HUN"]
[SourceTitle "EXT 2024"]
[Source "ChessBase"]
[SourceDate "2023.10.10"]
[SourceVersion "1"]
[SourceVersionDate "2023.10.10"]
[SourceQuality "1"]

1. e4 c5 2. Nf3 e6 3. d4 cxd4 4. Nxd4 a6 5. c4 Qc7 6. Nc3 Nc6 7. Be3 Nf6 8. f3 Be7 9. Qd2 0-0 10. Rc1 Qd8 11. Be2 d6 12. 0-0 Bd7 13. Rfd1 Rc8 14. Bf1 Ne8 15. Qf2 Ne5 16. b3 f5 17. exf5 exf5 18. Nd5 Nf6 19. Nxe7+ Qxe7 20. Qd2 Rce8 21. Re1 Qf7 22. Qb4 f4 23. Bf2 Qh5 24. Qxd6 Rf7 25. Ne2 Nfg4 26. fxg4 Nxg4 27. h3 Nxf2 28. Kxf2 f3 29. g4 fxe2+ 30. Kg1 exf1Q+ 31. Rxf1 Qg6 32. Qb4 Rxf1+ 33. Rxf1 Bc6 34. c5 Qe4 0-1

[Event "HUN-ch U16 Girls"]
[Site "Balatonlelle"]
[Date "2014.06.22"]
[Round "3"]
[White "Szuhai, Beata Barbara"]
[Black "Jarai, Csenge"]
[Result "1/2-1/2"]
[WhiteElo "1656"]
[BlackElo "1530"]
[PlyCount "37"]
[EventDate "2014.06.20"]
[EventType "tourn"]
[EventRounds "9"]
[EventCountry "HUN"]
[SourceTitle "EXT 2024"]
[Source "ChessBase"]
[SourceDate "2023.10.10"]
[SourceVersion "1"]
[SourceVersionDate "2023.10.10"]
[SourceQuality "1"]

1. e4 c5 2. Nf3 Nc6 3. Bb5 g6 4. Bxc6 bxc6 5. 0-0 Bg7 6. Re1 Nf6 7. c4 Qc7 8. Nc3 Rb8 9. d3 0-0 10. Rb1 Ng4 11. Bd2 Bd4 12. Rf1 f5 13. g3 Bg7 14. Kg2 d6 15. h3 Ne5 16. Nxe5 Bxe5 17. Bh6 Bg7 18. Bxg7 Kxg7 19. f4 1/2-1/2

[Event "SUI-ch U16"]
[Site "Belp"]
[Date "2014.06.08"]
[Round "5"]
[White "Hunter, Damian"]
[Black "Jarai, Csenge"]
[Result "1-0"]
[WhiteElo "1789"]
[BlackElo "1769"]
[PlyCount "35"]
[EventDate "2014.06.06"]
[EventType "swiss"]
[EventRounds "7"]
[EventCountry "SUI"]
[SourceTitle "EXT 2015"]
[Source "ChessBase"]
[SourceDate "2014.11.20"]
[SourceVersion "1"]
[SourceVersionDate "2014.11.20"]
[SourceQuality "1"]

1. c4 f5 2. Nf3 Nf6 3. g3 d6 4. d4 e6 5. Bg2 Be7 6. 0-0 0-0 7. b3 Nbd7 8. Bb2 Qe8 9. Nc3 e5 10. Nb5 Bd8 11. dxe5 dxe5 12. Ba3 c5 13. Nd6 Qh5 14. Nh4 Rb8 15. Bf3 Qg5 16. Nhxf5 Nb6 17. Bc1 Qg6 18. Nh4 1-0

[Event "SUI-ch U16"]
[Site "Belp"]
[Date "2014.06.08"]
[Round "6"]
[White "Jarai, Csenge"]
[Black "Goldie, Thomas"]
[Result "0-1"]
[WhiteElo "1769"]
[BlackElo "2070"]
[PlyCount "92"]
[EventDate "2014.06.06"]
[EventType "swiss"]
[EventRounds "7"]
[EventCountry "SUI"]
[SourceTitle "EXT 2015"]
[Source "ChessBase"]
[SourceDate "2014.11.20"]
[SourceVersion "1"]
[SourceVersionDate "2014.11.20"]
[SourceQuality "1"]

1. e4 c5 2. Nf3 d6 3. d4 cxd4 4. Nxd4 Nf6 5. f3 a6 6. c4 e6 7. Be3 Be7 8. Qd2 Nc6 9. Nc3 Bd7 10. Rc1 0-0 11. Be2 Qb8 12. 0-0 Nxd4 13. Qxd4 b5 14. Rfd1 Rc8 15. Nb1 bxc4 16. Rxc4 Rxc4 17. Bxc4 Bc6 18. Rd3 d5 19. Rb3 Qc7 20. exd5 Nxd5 21. Bf2 Ba4 22. Nd2 Bxb3 23. Nxb3 Bf6 24. Qd3 Nb4 25. Qe4 Rd8 26. g3 Bd4 27. Bxd4 Qxc4 28. Qe5 f6 29. Qe4 e5 30. Qb7 exd4 31. Kg2 d3 32. Qb6 Re8 33. Kh3 Qe6+ 34. Qxe6+ Rxe6 35. Kg4 Re2 36. a3 d2 37. Nxd2 Rxd2 38. axb4 Rxb2 39. h4 Rxb4+ 40. Kh5 Rb5+ 41. Kg4 a5 42. f4 h5+ 43. Kh3 a4 44. g4 a3 45. gxh5 a2 46. Kg4 a1Q 0-1

[Event "Budapest FS03 FM-B"]
[Site "Budapest"]
[Date "2014.03.08"]
[Round "6"]
[White "Bensaid, Simon"]
[Black "Jarai, Csenge"]
[Result "1-0"]
[WhiteElo "1782"]
[BlackElo "1523"]
[PlyCount "49"]
[EventDate "2014.03.01"]
[EventType "tourn"]
[EventRounds "9"]
[EventCountry "HUN"]
[SourceTitle "CBM 159 Extra"]
[Source "ChessBase"]
[SourceDate "2014.04.24"]
[SourceVersion "1"]
[SourceVersionDate "2014.04.24"]
[SourceQuality "1"]

1. e4 c6 2. Nc3 d5 3. Nf3 Bg4 4. h3 Bh5 5. exd5 cxd5 6. Bb5+ Nc6 7. g4 Bg6 8. Ne5 Rc8 9. d4 a6 10. Nxc6 bxc6 11. Bxa6 Rb8 12. Bd3 e6 13. Bxg6 hxg6 14. b3 Bb4 15. Bb2 Nf6 16. a3 Ba5 17. Qf3 Qb6 18. b4 Qxd4 19. Nd1 Bxb4+ 20. axb4 Qxb4+ 21. Bc3 Qc4 22. Nb2 Qb5 23. Nd3 Qc4 24. Bxf6 gxf6 25. Qxf6 1-0

[Event "Budapest FS03 FM-B"]
[Site "Budapest"]
[Date "2014.03.01"]
[Round "1"]
[White "Jacobsen, Elise Sjottem"]
[Black "Jarai, Csenge"]
[Result "1-0"]
[WhiteElo "1672"]
[BlackElo "1523"]
[PlyCount "59"]
[EventDate "2014.03.01"]
[EventType "tourn"]
[EventRounds "9"]
[EventCountry "HUN"]
[SourceTitle "CBM 159 Extra"]
[Source "ChessBase"]
[SourceDate "2014.04.24"]
[SourceVersion "1"]
[SourceVersionDate "2014.04.24"]
[SourceQuality "1"]

1. e4 c5 2. Nf3 Nc6 3. d4 cxd4 4. Nxd4 g6 5. Nc3 Bg7 6. Be3 Nf6 7. f3 Qb6 8. Nf5 Qxb2 9. Nxg7+ Kd8 10. Nb5 d6 11. Rb1 Qxa2 12. Nxd6 exd6 13. Qxd6+ Bd7 14. Qxf6+ Kc8 15. Rd1 Qxc2 16. Qd6 Bg4 17. Bf4 Qc3+ 18. Kf2 Qb2+ 19. Be2 Qb6+ 20. Be3 Qb2 21. fxg4 Rd8 22. Qc5 Qf6+ 23. Nf5 Re8 24. g5 Qe6 25. Nd6+ Kc7 26. Nxe8+ Qxe8 27. Bf4+ Kc8 28. Bg4+ f5 29. gxf6+ Qe6 30. Bxe6# 1-0

[Event "Bois Gentil op"]
[Site "Geneve"]
[Date "2014.02.07"]
[Round "5"]
[White "Jarai, Csenge"]
[Black "Viviani, Mario"]
[Result "0-1"]
[WhiteElo "1506"]
[BlackElo "1811"]
[PlyCount "52"]
[EventDate "2014.01.10"]
[EventType "swiss"]
[EventRounds "7"]
[EventCountry "SUI"]
[SourceTitle "CBM 158 Extra"]
[Source "ChessBase"]
[SourceDate "2014.02.28"]
[SourceVersion "1"]
[SourceVersionDate "2014.02.28"]
[SourceQuality "1"]

1. c4 Nf6 2. g3 c6 3. Bg2 d5 4. cxd5 cxd5 5. d4 Bd7 6. Nc3 Bc6 7. Nf3 Nbd7 8. 0-0 e6 9. b3 Bd6 10. a4 0-0 11. Ba3 Qe7 12. Bxd6 Qxd6 13. Rb1 Ne4 14. Nxe4 dxe4 15. Nd2 Nf6 16. Nc4 Qb4 17. Qc2 Rac8 18. Rfc1 Bd5 19. Qd2 Rxc4 20. Qg5 Rxd4 21. h4 h6 22. Qf4 Qd2 23. Qe5 Ng4 24. Qh5 Qxe2 25. Rf1 e3 26. f3 Rd2 0-1

[Event "Budapest FS08 FM-B"]
[Site "Budapest"]
[Date "2013.08.09"]
[Round "7"]
[White "Jarai, Csenge"]
[Black "Bacsi, Andras"]
[Result "1/2-1/2"]
[WhiteElo "1361"]
[BlackElo "1871"]
[PlyCount "84"]
[EventDate "2013.08.03"]
[EventType "tourn"]
[EventRounds "11"]
[EventCountry "HUN"]
[SourceTitle "CBM 155 Extra"]
[Source "ChessBase"]
[SourceDate "2013.08.26"]
[SourceVersion "1"]
[SourceVersionDate "2013.08.26"]
[SourceQuality "1"]

1. e4 c5 2. Nf3 d6 3. d4 cxd4 4. Nxd4 Nf6 5. f3 g6 6. c4 Bg7 7. Be3 0-0 8. Qd2 Nc6 9. Nc3 Nxd4 10. Bxd4 Be6 11. Rc1 Qa5 12. Be2 Rfc8 13. b3 a6 14. 0-0 Nd7 15. Rfd1 Bxd4+ 16. Qxd4 Qc5 17. Bf1 Ne5 18. Qxc5 Rxc5 19. Nd5 Bxd5 20. cxd5 Rac8 21. Rxc5 Rxc5 22. Rd2 a5 23. Kf2 g5 24. Be2 b5 25. h3 b4 26. Ke3 f6 27. g3 Rc3+ 28. Bd3 Kf7 29. f4 gxf4+ 30. gxf4 Nd7 31. Rc2 Rxc2 32. Bxc2 h6 33. Kd4 Nb6 34. Bd3 e5+ 35. dxe6+ Kxe6 36. Bc4+ Nxc4 37. f5+ Kd7 38. Kxc4 Kc6 39. h4 h5 40. Kd4 Kc7 41. Kd5 Kd7 42. Kd4 Kc7 1/2-1/2